LEADER 00619nam a2200169 i 4500 001 000000147523 003 CaOOAMICUS 005 20131209000000.0 008 131209s1856 it u000 u fre u 013 $a124736 040 $aSeMil$bita 245 14$aLes confessions. 300 $aXII, 294 p. :$bill. 773 0 $aRousseau, Jean-Jacques <1712-1778>$tOeuvres complètes de J.-J. Rousseau.$dParis : J. Bry ainé, 1856-1857.$bÉdition J. Bry.$g1$w()16707 850 $aSeMil 852 $aSeMil$W1$xVenegono$y1$m2R IV 1 FA$j100072$B100072$CSeMilBibl$Z2$F0 $8I 996 $6245$aLes confessions$9(OLS)http://semarc/title/17522 LEADER 01346nam a2200265 i 4500 001 000000081176 003 CaOOAMICUS 005 20101111000000.0 008 101111s1999 it u000 u ita u 013 $a53416 020 $a88-209-2756-X 040 $aSeMil$bita 245 10$aEdith Stein :$btestimone di oggi profeta per domani. Atti del Simposio Internazionale, Roma, Teresianum, 7-9 ottobre 1998 /$ca cura di J. Sleiman e L. Borriello. 260 $aCittà del Vaticano :$bLibreria Editrice Vaticana,$ccopyr. 1999. 300 $a414 p. ;$c21 cm. 500 $aContiene : Bibliografia. 600 04$aStein, Edith .$0(OLS)http://semarc/subject/2928 700 1 $aSleiman, Jean,$c.$0(OLS)http://semarc/name/38770 700 1 $aBorriello, Luigi,$c.$0(OLS)http://semarc/name/123 850 $aSeMil 852 $aSeMil$W1$xVenegono$y1$m3J II 343$j46473$B46473$CSeMilBibl$Z2$F48775 $81 961 $aAbbonamento: Mescat 996 $6020$a88-209-2756-X$9(OLS)http://semarc/number/62214 996 $6245$aEdith Stein :$btestimone di oggi profeta per domani. Atti del Simposio Internazionale, Roma, Teresianum, 7-9 ottobre 1998$9(OLS)http://semarc/title/128672 996 $6260$aCittà del Vaticano :$bLibreria Editrice Vaticana$9(OLS)http://semarc/publisher/29734